| 000 | 00995nac a22002651u 4500 | ||
|---|---|---|---|
| 008 | 100914t2003 ii |||||r|||| 00| 0 eng d | ||
| 010 | _a 96224787 | ||
| 020 | _a0070170479 | ||
| 082 | 0 | 0 |
_a629.83 _bDIS _222 |
| 100 |
_aDiStefano, Joseph J. _919125 |
||
| 245 | 1 | 0 |
_aSchaum's Outline of Theory and Problems of Feedback and Control Systems / _cJoseph J. DiStefano, Allen R. Stubberud, Ivan J. Williams |
| 246 | 1 | 8 | _aSchaum's feedback and control systems |
| 246 | 1 | 8 | _aTheory and problems of feedback and control systems |
| 246 | 1 | 8 | _aFeedback and control systems |
| 250 | _a2nd ed. | ||
| 260 |
_aNew Delhi : _bTata McGraw-Hill, _c2003. |
||
| 300 |
_a512 p. : _bill. ; _c28 cm. |
||
| 490 | 0 |
_aSchaum's outline series _919126 |
|
| 500 | _a"Continuous (analog) and discrete (digital)." | ||
| 650 | 0 |
_aFeedback control systems. _919127 |
|
| 650 | 0 |
_aControl theory. _919128 |
|
| 700 | 1 |
_aStubberud, Allen R. _919129 |
|
| 700 | 1 |
_aWilliams, Ivan J. _919130 |
|
| 942 |
_cBB _k629.83DIS _2ddc |
||
| 999 |
_c112 _d112 |
||